000 00625nam a2200229Ia 4500
003 OSt
005 20220926044205.0
006 a|||||r|||| 00| 0
007 ta
008 220923b |||||||| |||| 00| 0 eng d
037 _cGeneral Book
040 _aRTL
_cRTL
_beng
041 _2eng
_aeng
082 _aT.1(X).N6s, K8
100 _aKendall W L
_9348634
245 0 _aStatistics of education in developing countries
260 _c1968
490 _aUnesco Statistical Reports And Studies, 13
650 _aEducation
942 _hT.1(X).N6s, K8
_cGB
_2CC
999 _c674185
_d674185